<?xml version="1.0" encoding="UTF-8"?>
<record
    xmlns:xsi="http://www.w3.org/2001/XMLSchema-instance"
    xsi:schemaLocation="http://www.loc.gov/MARC21/slim http://www.loc.gov/standards/marcxml/schema/MARC21slim.xsd"
    xmlns="http://www.loc.gov/MARC21/slim">

  <leader>03429cam a22003615i 4500</leader>
  <datafield tag="999" ind1=" " ind2=" ">
    <subfield code="c">27841</subfield>
    <subfield code="d">27812</subfield>
  </datafield>
  <controlfield tag="001">17651802</controlfield>
  <controlfield tag="003">EG-ScBUE</controlfield>
  <controlfield tag="005">20191215134353.0</controlfield>
  <controlfield tag="008">130308s2012    enka   f b    001 0 eng d</controlfield>
  <datafield tag="020" ind1=" " ind2=" ">
    <subfield code="a">9780444517470</subfield>
  </datafield>
  <datafield tag="035" ind1=" " ind2=" ">
    <subfield code="a">(OCoLC)ocn748336420</subfield>
  </datafield>
  <datafield tag="040" ind1=" " ind2=" ">
    <subfield code="a">BTCTA</subfield>
    <subfield code="b">eng</subfield>
    <subfield code="e">rda</subfield>
    <subfield code="c">BTCTA</subfield>
    <subfield code="d">UKMGB</subfield>
    <subfield code="d">DEBBG</subfield>
    <subfield code="d">YDXCP</subfield>
    <subfield code="d">CUD</subfield>
    <subfield code="d">BWX</subfield>
    <subfield code="d">JCU</subfield>
    <subfield code="d">OCLCO</subfield>
    <subfield code="d">COO</subfield>
    <subfield code="d">BOS</subfield>
    <subfield code="d">LML</subfield>
    <subfield code="d">DLC</subfield>
    <subfield code="d">EG-ScBUE</subfield>
  </datafield>
  <datafield tag="082" ind1="0" ind2="4">
    <subfield code="a">401</subfield>
    <subfield code="b">HAN</subfield>
    <subfield code="2">22</subfield>
  </datafield>
  <datafield tag="245" ind1="0" ind2="0">
    <subfield code="a">Philosophy of linguistics /</subfield>
    <subfield code="c">edited by Ruth Kempson, King's College London, UK, Tim Fernando, Trinity College Dublin, Ireland, Nicholas Asher, CNRS Laboratoire IRIT, Universit&#xE9; Paul Sabatier, France.</subfield>
  </datafield>
  <datafield tag="250" ind1=" " ind2=" ">
    <subfield code="a">First edition.</subfield>
  </datafield>
  <datafield tag="264" ind1=" " ind2="1">
    <subfield code="a">Oxford ;</subfield>
    <subfield code="a">Amsterdam :</subfield>
    <subfield code="b">North Holland / Elsevier, </subfield>
    <subfield code="c">2012.</subfield>
  </datafield>
  <datafield tag="300" ind1=" " ind2=" ">
    <subfield code="a">xx, 574 pages :</subfield>
    <subfield code="b">illustrations ;</subfield>
    <subfield code="c">27 cm.</subfield>
  </datafield>
  <datafield tag="336" ind1=" " ind2=" ">
    <subfield code="a">text</subfield>
    <subfield code="b">txt</subfield>
    <subfield code="2">rdacontent</subfield>
  </datafield>
  <datafield tag="337" ind1=" " ind2=" ">
    <subfield code="a">unmediated</subfield>
    <subfield code="b">n</subfield>
    <subfield code="2">rdamedia</subfield>
  </datafield>
  <datafield tag="338" ind1=" " ind2=" ">
    <subfield code="a">volume</subfield>
    <subfield code="b">nc</subfield>
    <subfield code="2">rdacarrier</subfield>
  </datafield>
  <datafield tag="490" ind1="0" ind2=" ">
    <subfield code="a">Handbook of the philosophy of science ;</subfield>
    <subfield code="v">volume 14</subfield>
  </datafield>
  <datafield tag="504" ind1=" " ind2=" ">
    <subfield code="a">Includes bibliographical references and index.</subfield>
  </datafield>
  <datafield tag="505" ind1="0" ind2="0">
    <subfield code="t">Linguistics and philosophy /</subfield>
    <subfield code="r">Jaroslav Peregrin --</subfield>
    <subfield code="t">Structure /</subfield>
    <subfield code="r">Howard Lasnik and Juan Uriagereka --</subfield>
    <subfield code="t">Logical grammar /</subfield>
    <subfield code="r">Glyn Morrill --</subfield>
    <subfield code="t">Minimalism /</subfield>
    <subfield code="r">Wolfram Hinzen --</subfield>
    <subfield code="t">Computational linguistics /</subfield>
    <subfield code="r">Gerald Penn --</subfield>
    <subfield code="t">The metaphysics of natural language(s) /</subfield>
    <subfield code="r">Emmon Bach and Wynn Chao --</subfield>
    <subfield code="t">Meaning and use /</subfield>
    <subfield code="r">Robert van Rooij --</subfield>
    <subfield code="t">Context in content composition /</subfield>
    <subfield code="r">Nicholas Asher --</subfield>
    <subfield code="t">Type theory and semantics in flux /</subfield>
    <subfield code="r">Robin Cooper --</subfield>
    <subfield code="t">Language, linguistics and cognition /</subfield>
    <subfield code="r">Gios&#xFFFD;u Baggio, Michiel van Lambalgen and Peter Hagoort --</subfield>
    <subfield code="t">Representationalism and linguistic knowledge /</subfield>
    <subfield code="r">Ronnie Cann, Ruth Kempson and Daniel Wedgwood --</subfield>
    <subfield code="t">Philosophy of phonology /</subfield>
    <subfield code="r">Philip Carr --</subfield>
    <subfield code="t">Computational learning theory and language acquisition /</subfield>
    <subfield code="r">Alexander Clark and Shalom Lappin --</subfield>
    <subfield code="t">Linguistics from an evolutionary point of view /</subfield>
    <subfield code="r">James R. Hurford --</subfield>
    <subfield code="t">Linguistics and gender studies /</subfield>
    <subfield code="r">Sally McConnell-Ginet --</subfield>
    <subfield code="t">Anthropological linguistics /</subfield>
    <subfield code="r">William O. Beeman.</subfield>
  </datafield>
  <datafield tag="520" ind1=" " ind2=" ">
    <subfield code="a">Philosophy of Linguistics investigates the foundational concepts and methods of linguistics, the scientific study of human language.  This groundbreaking collection, the most thorough treatment of the philosophy of linguistics ever published, brings together philosophers, scientists and historians to map out both the foundational assumptions set during the second half of the last century and the unfolding shifts in perspective in which more functionalist perspectives are explored.  The opening chapter lays out the philosophical background in preparation for the papers that follow, which demonstrate the shift in the perspective of linguistics study through discussions of syntax, semantics, phonology and cognitive science more generally.  The volume serves as a detailed introduction for those new to the field as well as a rich source of new insights and potential research agendas for those already engaged with the philosophy of linguistics.  It provides a bridge between philosophy and current scientific findings, encourages multi-disciplinary dialogue, and covers theory and applications.</subfield>
  </datafield>
  <datafield tag="650" ind1=" " ind2="7">
    <subfield code="a">Linguistics</subfield>
    <subfield code="x">Philosophy.</subfield>
    <subfield code="2">BUEsh</subfield>
  </datafield>
  <datafield tag="650" ind1=" " ind2="7">
    <subfield code="a">Language and languages</subfield>
    <subfield code="x">Philosophy.</subfield>
    <subfield code="2">BUEsh</subfield>
    <subfield code="9">3198</subfield>
  </datafield>
  <datafield tag="653" ind1=" " ind2=" ">
    <subfield code="b">HHUUEENN</subfield>
    <subfield code="c">November2019</subfield>
  </datafield>
  <datafield tag="655" ind1=" " ind2=" ">
    <subfield code="v">Reading book</subfield>
  </datafield>
  <datafield tag="700" ind1="1" ind2=" ">
    <subfield code="a">Kempson, Ruth M.,</subfield>
    <subfield code="e">editor.</subfield>
  </datafield>
  <datafield tag="700" ind1="1" ind2=" ">
    <subfield code="a">Fernando, Tim,</subfield>
    <subfield code="e">editor.</subfield>
  </datafield>
  <datafield tag="700" ind1="1" ind2=" ">
    <subfield code="a">Asher, Nicholas,</subfield>
    <subfield code="e">editor.</subfield>
  </datafield>
  <datafield tag="942" ind1=" " ind2=" ">
    <subfield code="2">ddc</subfield>
    <subfield code="c">BB</subfield>
  </datafield>
  <datafield tag="952" ind1=" " ind2=" ">
    <subfield code="0">0</subfield>
    <subfield code="1">0</subfield>
    <subfield code="2">ddc</subfield>
    <subfield code="4">0</subfield>
    <subfield code="7">0</subfield>
    <subfield code="8">Baccah</subfield>
    <subfield code="a">MAIN</subfield>
    <subfield code="b">MAIN</subfield>
    <subfield code="c">2ND</subfield>
    <subfield code="d">2019-11-25</subfield>
    <subfield code="e">Purchase</subfield>
    <subfield code="g">1800.00</subfield>
    <subfield code="l">0</subfield>
    <subfield code="o">401 HAN</subfield>
    <subfield code="p">000048323</subfield>
    <subfield code="r">2025-07-15 00:00:00</subfield>
    <subfield code="v">2250.00</subfield>
    <subfield code="w">2019-11-25</subfield>
    <subfield code="y">BB</subfield>
  </datafield>
</record>
